[Event "I Open"]
[Site "Omegna ITA"]
[Date "2013.07.07"]
[Round "6"]
[White "Migliorini, Matteo"]
[Black "Medici, Simone"]
[WhiteElo "2006"]
[BlackElo "2109"]
[Result "0-1"]
[PlyCount "74"]
[EventDate "2013.07.04"]

1. e4 c5 2. Nf3 a6 3. c3 e6 4. d4 d5 5. e5 Nc6 6. Bd3 Be7 7. O-O g5 8. Be3 h5
9. Bc2 g4 10. Ne1 Qb6 11. b3 cxd4 12. Bxd4 Nxd4 13. Qxd4 Qxd4 14. cxd4 Bd8 15.
Nd3 Bb6 16. Nc5 Ne7 17. b4 Ba7 18. a3 b6 19. Nb3 Nc6 20. Nc3 b5 21. Ne2 Bd7 22.
Bd3 h4 23. Rac1 g3 24. Nc5 gxh2+ 25. Kxh2 Ke7 26. f4 Rag8 27. f5 Bxc5 28. f6+
Kf8 29. Rxc5 Rg4 30. Rf4 Rxf4 31. Nxf4 Nxd4 32. Bb1 h3 33. Rc3 hxg2+ 34. Kxg2
Rh4 35. Kg3 Rxf4 36. Bd3 Rf3+ 37. Kg2 Re3 0-1

[Event "I Open"]
[Site "Omegna ITA"]
[Date "2013.07.07"]
[Round "6"]
[White "Nottet, Tristan"]
[Black "Grigioni, Giulio"]
[WhiteElo "1715"]
[BlackElo "1827"]
[Result "1/2-1/2"]
[PlyCount "31"]
[EventDate "2013.07.04"]

1. e4 c6 2. Nc3 d5 3. Nf3 e6 4. d4 Nd7 5. exd5 cxd5 6. Bf4 a6 7. Bd3 Ndf6 8.
O-O Bd6 9. Bxd6 Qxd6 10. Ne2 Ne7 11. Ne5 O-O 12. c3 Nd7 13. Nxd7 Bxd7 14. Ng3
g6 15. Qg4 Kh8 16. Rfe1 1/2-1/2

[Event "I Open"]
[Site "Omegna ITA"]
[Date "2013.07.07"]
[Round "6"]
[White "Rossi, Emanuele"]
[Black "Zahner, Rolf"]
[WhiteElo "1564"]
[BlackElo "1667"]
[Result "1-0"]
[PlyCount "57"]
[EventDate "2013.07.04"]

1. e4 c5 2. Nc3 a6 3. Nf3 d6 4. Be2 Nf6 5. d3 e6 6. Be3 Be7 7. Qd2 O-O 8. h3 b5
9. O-O Bb7 10. g4 Kh8 11. g5 Ng8 12. Nh2 Nd7 13. f4 f5 14. Bf3 Qc7 15. Qg2 fxe4
16. dxe4 Nb6 17. Rad1 Rad8 18. h4 b4 19. Ne2 Rfe8 20. h5 Bf8 21. Kh1 d5 22. Ng4
dxe4 23. Bxe4 Bxe4 24. Qxe4 Rxd1 25. Rxd1 Re7 26. Ne5 Qb7 27. Ng3 Qxe4+ 28.
Nxe4 Rc7 29. Rd8 1-0

[Event "I Open"]
[Site "Omegna ITA"]
[Date "2013.07.07"]
[Round "6"]
[White "Schingaro, Angelo"]
[Black "Penna, Tommaso"]
[WhiteElo "1719"]
[BlackElo "1947"]
[Result "0-1"]
[PlyCount "74"]
[EventDate "2013.07.04"]

1. e4 c5 2. Nf3 e6 3. d4 cxd4 4. Nxd4 Nc6 5. Nc3 Qc7 6. Be3 a6 7. Bd3 Nf6 8.
O-O Ne5 9. Nf3 Nfg4 10. Nxe5 Nxe3 11. fxe3 Qxe5 12. Qf3 f6 13. Qf4 Bc5 14. Qxe5
Bxe3+ 15. Kh1 fxe5 16. Rf3 Bd4 17. Raf1 b5 18. Rf7 Rg8 19. h4 Bb7 20. Ne2 Bxb2
21. Ng3 Ba3 22. Nh5 Bf8 23. c4 bxc4 24. Bxc4 Bxe4 25. Ng3 Bg6 26. R7f3 d5 27.
Bb3 e4 28. Ba4+ Ke7 29. Rb3 Be8 30. Rb7+ Kd6 31. Bxe8 Rxe8 32. Rb6+ Ke5 33.
Rxa6 Be7 34. h5 Ra8 35. Rxa8 Rxa8 36. h6 gxh6 37. Ra1 Ra3 0-1

[Event "I Open"]
[Site "Omegna ITA"]
[Date "2013.08.06"]
[Round "6"]
[White "Wilen, Eero"]
[Black "Siclari, Giovanni"]
[WhiteElo "2058"]
[BlackElo "2054"]
[Result "1-0"]
[PlyCount "81"]
[EventDate "2013.07.04"]

1. d4 Nf6 2. c4 e6 3. Nf3 b6 4. g3 Ba6 5. b3 Bb4+ 6. Bd2 Be7 7. Bg2 c6 8. Bc3
d5 9. Nbd2 Nbd7 10. O-O O-O 11. Re1 Bb7 12. Ne5 Nxe5 13. dxe5 Nd7 14. e4 Nc5
15. exd5 cxd5 16. Qg4 h5 17. Qd4 dxc4 18. Bxb7 Nxb7 19. Nxc4 Qxd4 20. Bxd4 Rfd8
21. Red1 Rd7 22. Be3 Rad8 23. Rxd7 Rxd7 24. Kf1 Kh7 25. Ke2 Kg6 26. a4 Rd5 27.
f4 Kf5 28. h3 Nc5 29. Bxc5 Bxc5 30. b4 Bd4 31. Rd1 f6 32. Ne3+ Bxe3 33. Rxd5
exd5 34. exf6 Kxf6 35. Kxe3 h4 36. g4 Ke7 37. Kd4 Kd6 38. f5 Kc6 39. b5+ Kd6
40. g5 Kc7 41. f6 1-0

[Event "XXIII C.to Mondiale Seniores"]
[Site "Abbazia CRO"]
[Date "2013.11.12"]
[Round "1"]
[White "Valenti, Giuseppe"]
[Black "Haupt, Joachim"]
[WhiteElo "2182"]
[BlackElo "1870"]
[Result "0-1"]
[PlyCount "96"]
[EventDate "2013.11.12"]

1. e4 c5 2. Nf3 Nc6 3. d4 cxd4 4. Nxd4 Nf6 5. Nc3 e6 6. a3 Be7 7. g3 d6 8. Bg2
Bd7 9. O-O Nxd4 10. Qxd4 Bc6 11. Re1 O-O 12. h3 Qc7 13. Be3 b6 14. g4 d5 15.
exd5 Rad8 16. Bf4 Qd7 17. Rad1 Nxd5 18. Bxd5 exd5 19. b4 Bh4 20. Re3 Rfe8 21.
Rde1 Rxe3 22. Rxe3 Re8 23. Be5 f6 24. Bf4 Rxe3 25. Bxe3 Qe6 26. Kg2 Qe5 27. b5
Bb7 28. Kg1 Qxd4 29. Bxd4 Bg5 30. a4 Kf7 31. Kf1 Bd2 32. Na2 Ke6 33. Ke2 Bf4
34. Nb4 Be5 35. Ke3 g5 36. Nd3 Bc8 37. Nb4 Bb7 38. Nd3 Bc8 39. Nc1 Bf4+ 40. Kd3
Bxc1 41. c3 Ba3 42. Ke2 Bc5 43. Kd3 Bxd4 44. cxd4 a6 45. Kc3 axb5 46. axb5 f5
47. f3 fxg4 48. fxg4 Kf6 0-1

[Event "XXIII C.to Mondiale Seniores"]
[Site "Abbazia CRO"]
[Date "2013.11.13"]
[Round "2"]
[White "Ramusch, Arnulf"]
[Black "Valenti, Giuseppe"]
[WhiteElo "1979"]
[BlackElo "2182"]
[Result "0-1"]
[PlyCount "84"]
[EventDate "2013.11.12"]

1. d4 Nf6 2. Nf3 e6 3. e3 c5 4. Bd3 b6 5. O-O Bb7 6. b3 cxd4 7. exd4 Be7 8. Bb2
O-O 9. Nbd2 Nc6 10. a3 Rc8 11. Re1 d6 12. Ng5 Nb8 13. Qe2 Nbd7 14. Nxe6 fxe6
15. Qxe6+ Rf7 16. c4 Nf8 17. Qh3 Rc7 18. d5 Bc8 19. Re6 h6 20. Rae1 N6h7 21.
Bf5 Ng5 22. Qd3 Nfxe6 23. dxe6 Rf8 24. f4 Rc5 25. fxg5 Rcxf5 26. gxh6 gxh6 27.
Nf3 d5 28. b4 dxc4 29. Qxc4 Bb7 30. Qg4+ Bg5 31. e7 Bxf3 32. gxf3 Qd5 33.
exf8=Q+ Kxf8 34. Qe4 Qxe4 35. fxe4 Rf3 36. Re2 Ke7 37. Kg2 Rb3 38. Rc2 Ke6 39.
Re2 Bf4 40. Kf1 Be5 41. Bc1 Rb1 42. Rc2 Bf4 0-1

[Event "XXIII C.to Mondiale Seniores"]
[Site "Abbazia CRO"]
[Date "2013.11.15"]
[Round "4"]
[White "Jorgensen, Arne Bjorn"]
[Black "Valenti, Giuseppe"]
[WhiteElo "1999"]
[BlackElo "2182"]
[Result "1/2-1/2"]
[PlyCount "85"]
[EventDate "2013.11.12"]

1. d4 Nf6 2. Nf3 e6 3. g3 c5 4. Bg2 cxd4 5. Nxd4 a6 6. O-O Be7 7. c4 Qc7 8. b3
d6 9. Bb2 Nbd7 10. Nc3 O-O 11. Re1 Re8 12. Qd2 Nf8 13. e4 Rd8 14. Red1 Rb8 15.
h3 b6 16. Qe2 Bb7 17. Kh2 Ng6 18. Rac1 h5 19. h4 Ne5 20. Rc2 Re8 21. Kg1 Ba8
22. Bc1 Bf8 23. Bg5 Ned7 24. Nf3 Rec8 25. Nd2 b5 26. Bf4 b4 27. Na4 Bc6 28. Nb2
Qb7 29. f3 a5 30. Nf1 Ne5 31. Bxe5 dxe5 32. Nd3 Bd6 33. Rcd2 a4 34. Kh1 axb3
35. axb3 Ra8 36. Ne3 Nd7 37. Nc2 Nc5 38. Ndxb4 Nxe4 39. fxe4 Bxb4 40. Nxb4 Qxb4
41. Rd3 g6 42. Qb2 Qc5 43. Qc3 1/2-1/2

[Event "XXIII C.to Mondiale Seniores"]
[Site "Abbazia CRO"]
[Date "2013.11.18"]
[Round "6"]
[White "Ramos, Cesar"]
[Black "Valenti, Giuseppe"]
[WhiteElo "2009"]
[BlackElo "2182"]
[Result "1-0"]
[PlyCount "120"]
[EventDate "2013.11.12"]

1. e4 c5 2. Nf3 e6 3. d4 cxd4 4. Nxd4 a6 5. c4 Qc7 6. Nc3 Nf6 7. Be2 Bb4 8. f3
Nc6 9. Be3 O-O 10. O-O Bxc3 11. bxc3 Ne5 12. Qb3 d6 13. Rab1 Ned7 14. Rfe1 b6
15. Nc2 Rb8 16. Qb4 Ne8 17. Bf4 e5 18. Bg5 Nc5 19. Ne3 Be6 20. Nd5 Bxd5 21.
cxd5 Nf6 22. Rf1 Nfd7 23. c4 f6 24. Bh4 g5 25. Bf2 f5 26. exf5 Rxf5 27. Qd2 Qd8
28. Bd1 Kh8 29. Bc2 Rf7 30. Be3 h6 31. Rfe1 Qf6 32. Qc3 Rg7 33. Rf1 Kg8 34. Bd2
Rf8 35. Qe3 Qd8 36. Rf2 Rf4 37. Qe2 Rf6 38. Be3 Rgf7 39. Rbf1 Qc7 40. Qd2 Qd8
41. h4 gxh4 42. Bxh6 Rf4 43. Bg6 R7f6 44. Bg5 Qf8 45. Bh5 Rd4 46. Qe3 Qg7 47.
Bxf6 Nxf6 48. Bg4 Rxc4 49. Be6+ Kf8 50. f4 e4 51. Qh3 Ke7 52. Qxh4 Nxe6 53.
dxe6 Kxe6 54. Qg5 Qh8 55. f5+ Ke7 56. Rc1 d5 57. Rxc4 dxc4 58. Qf4 Qc8 59. g4
Qc5 60. g5 Nd7 1-0

[Event "XXIII C.to Mondiale Seniores"]
[Site "Abbazia CRO"]
[Date "2013.11.19"]
[Round "7"]
[White "Valenti, Giuseppe"]
[Black "Morriss, Pete"]
[WhiteElo "2182"]
[BlackElo "2008"]
[Result "1-0"]
[PlyCount "67"]
[EventDate "2013.11.12"]

1. e4 c6 2. d4 d5 3. Nc3 dxe4 4. Nxe4 Nf6 5. Nxf6+ gxf6 6. c3 Bf5 7. Bc4 e6 8.
Qf3 Rg8 9. h3 Nd7 10. Ne2 Bd6 11. g4 Bg6 12. Ng3 Qc7 13. Ne4 O-O-O 14. Be3 Nb6
15. Bb3 Nd5 16. O-O-O Bxe4 17. Qxe4 h5 18. Qf3 Nxe3 19. fxe3 hxg4 20. hxg4 Rg6
21. Rh7 Qe7 22. Bc2 Rg5 23. Rh6 f5 24. gxf5 Rg3 25. Qh5 Rxe3 26. f6 Qc7 27. Rh7
Rf8 28. Bg6 Bf4 29. Kb1 Qb6 30. Bxf7 Rxc3 31. Bxe6+ Kb8 32. Rh8 Bd6 33. Rxf8+
Bxf8 34. Qe8+ 1-0

[Event "XXIII C.to Mondiale Seniores"]
[Site "Abbazia CRO"]
[Date "2013.11.21"]
[Round "9"]
[White "Valenti, Giuseppe"]
[Black "Bondar, Leonid"]
[WhiteElo "2182"]
[BlackElo "2049"]
[Result "1-0"]
[PlyCount "103"]
[EventDate "2013.11.12"]

1. e4 c6 2. d4 d5 3. Nc3 dxe4 4. Nxe4 Bf5 5. Ng3 Bg6 6. h4 h6 7. N1e2 e6 8. Nf4
Ne7 9. Nxg6 Nxg6 10. h5 Ne7 11. c3 Qc7 12. Qf3 Nd5 13. a3 Nd7 14. c4 Qa5+ 15.
Bd2 Bb4 16. Bxb4 Nxb4 17. O-O-O Na6 18. Ne4 O-O 19. g4 f6 20. Nd6 Qg5+ 21. Kb1
Rab8 22. Qe4 Nc7 23. Bd3 f5 24. gxf5 Nf6 25. Qe5 Ng4 26. Qg3 exf5 27. f4 Qe7
28. Nxf5 Rxf5 29. Bxf5 Nf6 30. Bg6 b5 31. Qb3 Kf8 32. Rhe1 Qd7 33. d5 cxd5 34.
cxd5 Qd6 35. Qb4 Qxb4 36. axb4 Ncxd5 37. Rd4 Ne7 38. Re6 Nxg6 39. hxg6 Rc8 40.
Ra6 Rc7 41. Rd8+ Ke7 42. Rb8 Nd5 43. Rxb5 Nxf4 44. Re5+ Kd8 45. Rf5 Nd3 46.
Rf8+ Kd7 47. Rf7+ Kd8 48. Rxc7 Kxc7 49. Rxa7+ Kd6 50. Rxg7 Ne5 51. Rh7 Ke6 52.
b5 1-0

[Event "XXIII C.to Mondiale Seniores"]
[Site "Abbazia CRO"]
[Date "2013.11.22"]
[Round "10"]
[White "Pushkov, Nikolai"]
[Black "Valenti, Giuseppe"]
[WhiteElo "2371"]
[BlackElo "2182"]
[Result "1/2-1/2"]
[PlyCount "75"]
[EventDate "2013.11.12"]

1. d4 e6 2. c4 c5 3. e3 Nf6 4. Nc3 d5 5. Nf3 Nc6 6. a3 dxc4 7. Bxc4 cxd4 8.
exd4 Be7 9. O-O O-O 10. Re1 a6 11. Bg5 h6 12. Be3 b5 13. Ba2 Bb7 14. Qe2 b4 15.
axb4 Nxb4 16. Bb1 a5 17. Ne5 Re8 18. Qb5 Qc7 19. Rc1 Reb8 20. Qe2 Qd8 21. f3
Ba6 22. Qe1 Rc8 23. Bf2 Nfd5 24. Nxd5 Qxd5 25. Be4 Qb5 26. Bxa8 Rxa8 27. Qd1 f6
28. Nc4 Bb7 29. b3 Nd5 30. Qe2 Nf4 31. Qe3 Qf5 32. Rxa5 Rxa5 33. Nxa5 Qg5 34.
g3 Ne2+ 35. Qxe2 Qxc1+ 36. Kg2 Bd5 37. Nc4 Qc3 38. Ne3 1/2-1/2

[Event "XXIII C.to Mondiale Seniores"]
[Site "Abbazia CRO"]
[Date "2013.11.23"]
[Round "11"]
[White "Chirinos, Cleren"]
[Black "Valenti, Giuseppe"]
[WhiteElo "2059"]
[BlackElo "2182"]
[Result "1/2-1/2"]
[PlyCount "48"]
[EventDate "2013.11.12"]

1. c4 Nf6 2. Nc3 e6 3. e3 c5 4. Nf3 a6 5. Be2 Nc6 6. O-O Be7 7. d4 d5 8. cxd5
exd5 9. dxc5 Bxc5 10. Nd4 O-O 11. Nxc6 bxc6 12. Bf3 Re8 13. Qc2 Qd6 14. h3 Ba7
15. Ne2 Bb8 16. Ng3 a5 17. Rd1 Qe6 18. Nf1 Be5 19. Bd2 Ba6 20. Bc3 Bd6 21. Rac1
Bb7 22. Bd4 Ne4 23. Bxe4 Qxe4 24. Qxe4 Rxe4 1/2-1/2

[Event "XXXIII Festival Conca della Presolana Magistrale"]
[Site "Bratto - Castione della Presolana ITA"]
[Date "2013.08.17"]
[Round "1"]
[White "Abasov, Nijat Azad Oglu"]
[Black "Cardili, Mariano"]
[WhiteElo "2492"]
[BlackElo "2134"]
[Result "1-0"]
[PlyCount "41"]
[EventDate "2013.08.17"]

1. e4 c6 2. d4 d5 3. e5 Bf5 4. h4 h5 5. c4 e6 6. Nc3 dxc4 7. Bxc4 Nd7 8. Nf3
Nb6 9. Be2 Be7 10. Ng5 Nh6 11. Bxh5 Qd7 12. Be3 Nc4 13. Qe2 Nxe3 14. fxe3 Qd8
15. e4 Bxg5 16. hxg5 Qxg5 17. exf5 Nxf5 18. Ne4 Qf4 19. g3 Nxg3 20. Nxg3 Qxg3+
21. Qf2 1-0

[Event "XXXIII Festival Conca della Presolana Magistrale"]
[Site "Bratto - Castione della Presolana ITA"]
[Date "2013.08.17"]
[Round "1"]
[White "Bianco, Valerio"]
[Black "Colovic, Aleksandar"]
[WhiteElo "2141"]
[BlackElo "2502"]
[Result "0-1"]
[PlyCount "64"]
[EventDate "2013.08.17"]

1. d4 Nf6 2. c4 c5 3. d5 e6 4. Nc3 exd5 5. cxd5 g6 6. e4 d6 7. Nge2 Bg7 8. Ng3
a6 9. a4 h5 10. Be2 Qe7 11. O-O h4 12. Nh1 h3 13. g4 Nxe4 14. Nxe4 Qxe4 15. Bf3
Qd4 16. Re1+ Be5 17. Qb3 Qb4 18. Qxb4 cxb4 19. a5 Nd7 20. Ra4 Nc5 21. Rxb4 Nd3
22. Rbe4 Nxe1 23. Rxe1 O-O 24. Ng3 Bd7 25. Ne2 Rfe8 26. Bd2 Bxb2 27. Rb1 Be5
28. Rxb7 Bb5 29. Rc7 Rac8 30. Rxc8 Rxc8 31. Be3 Rc2 32. Nc1 Bd4 0-1

[Event "XXXIII Festival Conca della Presolana Magistrale"]
[Site "Bratto - Castione della Presolana ITA"]
[Date "2013.08.17"]
[Round "1"]
[White "Cebalo, Miso"]
[Black "Cattaneo, Marco"]
[WhiteElo "2440"]
[BlackElo "2091"]
[Result "1/2-1/2"]
[PlyCount "121"]
[EventDate "2013.08.17"]

1. c4 Nf6 2. Nc3 g6 3. e4 d6 4. d4 Bg7 5. h3 O-O 6. Be3 e5 7. d5 Nfd7 8. g4 a5
9. Bd3 Na6 10. a3 Ndc5 11. Bc2 Bd7 12. Nge2 c6 13. dxc6 Bxc6 14. Rg1 a4 15. Qd2
Qe8 16. Ng3 Kh8 17. O-O-O Qe6 18. Nd5 b5 19. Nf5 bxc4 20. Bh6 Bxh6 21. Qxh6 Rg8
22. g5 Bxd5 23. exd5 Qd7 24. Ne3 Qb5 25. Rg4 Nd3+ 26. Bxd3 cxd3 27. Rh4 Rg7 28.
Rc4 Rb8 29. Rd2 Nc5 30. Rb4 Qe8 31. Kb1 e4 32. Qh4 Rxb4 33. axb4 Na6 34. Qf4
Qe7 35. b5 Nc5 36. Nc4 Nb7 37. Rd1 Rg8 38. Re1 Re8 39. b6 Kg7 40. f3 Nc5 41. h4
Kg8 42. fxe4 d2 43. Rd1 Qxe4+ 44. Qxe4 Nxe4 45. Nxd2 Nxd2+ 46. Rxd2 Rb8 47. Rd4
Rxb6 48. Rxa4 Rb5 49. Rd4 h6 50. b4 hxg5 51. hxg5 f6 52. Kb2 Kf7 53. Kb3 fxg5
54. Ka4 Rb8 55. b5 Kf6 56. Re4 Kf5 57. Re6 g4 58. Rxd6 g3 59. Rc6 g2 60. Rc1
Rd8 61. Rg1 1/2-1/2

[Event "XXXIII Festival Conca della Presolana Magistrale"]
[Site "Bratto - Castione della Presolana ITA"]
[Date "2013.08.17"]
[Round "1"]
[White "Cristiani, Cesare"]
[Black "Sulava, Nenad"]
[WhiteElo "2130"]
[BlackElo "2480"]
[Result "0-1"]
[PlyCount "68"]
[EventDate "2013.08.17"]

1. d4 e6 2. c4 b6 3. Nf3 Bb7 4. a3 g6 5. Nc3 Nf6 6. Bf4 Bg7 7. e3 O-O 8. Be2 d6
9. O-O Nbd7 10. Qc2 Qe7 11. Rfe1 Nh5 12. Bg5 f6 13. Bh4 g5 14. Bg3 f5 15. Rad1
g4 16. Bh4 Bf6 17. Bxf6 Rxf6 18. Nh4 Raf8 19. g3 Ng7 20. f4 gxf3 21. Bxf3 Bxf3
22. Nxf3 Rg6 23. b4 Kh8 24. c5 Nh5 25. Ne2 Ndf6 26. Nf4 Rg4 27. Qb2 Rfg8 28.
Nxh5 Nxh5 29. Kf2 Qf6 30. Qa1 Qg7 31. Rg1 Nf6 32. Ke2 Nd5 33. cxb6 cxb6 34. Rc1
Re4 0-1

[Event "XXXIII Festival Conca della Presolana Magistrale"]
[Site "Bratto - Castione della Presolana ITA"]
[Date "2013.08.17"]
[Round "1"]
[White "David, Alberto"]
[Black "Giretti Kanev, Jasen"]
[WhiteElo "2589"]
[BlackElo "2181"]
[Result "1-0"]
[PlyCount "69"]
[EventDate "2013.08.17"]

1. c4 c5 2. g3 Nf6 3. Bg2 e6 4. Nf3 Be7 5. O-O O-O 6. Nc3 Nc6 7. d4 d6 8. d5
Na5 9. Nd2 e5 10. e4 Bg4 11. f3 Bh5 12. Qe2 Nd7 13. b3 b6 14. Nd1 Nb7 15. Ne3
a5 16. a4 Bg5 17. Bb2 h6 18. Rae1 Qf6 19. Qd3 Bxe3+ 20. Rxe3 Qe7 21. Rf2 Rae8
22. Bh3 Bg6 23. Re1 Nd8 24. Nf1 f6 25. Ne3 Nf7 26. Be6 Kh8 27. f4 exf4 28. gxf4
Nd8 29. Rg2 Bh7 30. Bf5 g5 31. fxg5 hxg5 32. Bxd7 Bxe4 33. Nf5 Bxd3 34. Nxe7
Kh7 35. Bxe8 1-0

[Event "XXXIII Festival Conca della Presolana Magistrale"]
[Site "Bratto - Castione della Presolana ITA"]
[Date "2013.08.17"]
[Round "1"]
[White "Gioseffi, Massimiliano"]
[Black "Sumets, Andrey"]
[WhiteElo "2171"]
[BlackElo "2577"]
[Result "0-1"]
[PlyCount "90"]
[EventDate "2013.08.17"]

1. d4 Nf6 2. c4 e6 3. Nc3 Bb4 4. e3 c5 5. a3 Bxc3+ 6. bxc3 O-O 7. Bd3 b6 8. Ne2
Nc6 9. O-O Ba6 10. e4 Ne8 11. f4 f5 12. e5 Na5 13. d5 d6 14. g4 fxg4 15. dxe6
Qe7 16. Be4 Rd8 17. Bd5 Bxc4 18. Bxc4 Nxc4 19. Qd5 b5 20. exd6 Rxd6 21. Qxc5
Rxe6 22. Qxe7 Rxe7 23. Nd4 Ned6 24. a4 bxa4 25. Rxa4 Rc8 26. f5 Nb6 27. Bg5 Rf7
28. Ra3 Ne4 29. Bh4 Rxc3 30. Ra5 Rd7 31. Ne6 Nd2 32. Be1 Rc2 33. Bxd2 Rdxd2 34.
Rb1 Rg2+ 35. Kh1 Rxh2+ 36. Kg1 Rcg2+ 37. Kf1 Ra2 38. Rxa2 Rxa2 39. Rd1 Kf7 40.
Rd8 g3 41. Rf8+ Ke7 42. Rh8 Nd5 43. Rxh7 Kd6 44. Rxg7 Ne3+ 45. Ke1 Nxf5 0-1

[Event "XXXIII Festival Conca della Presolana Magistrale"]
[Site "Bratto - Castione della Presolana ITA"]
[Date "2013.08.17"]
[Round "1"]
[White "Osuna Munoz, Xavier"]
[Black "Janev, Evgeni"]
[WhiteElo "2111"]
[BlackElo "2451"]
[Result "0-1"]
[PlyCount "112"]
[EventDate "2013.08.17"]

1. e4 Nf6 2. e5 Nd5 3. c4 Nb6 4. c5 Nd5 5. Nc3 Nxc3 6. dxc3 Nc6 7. Nf3 e6 8.
Be3 b6 9. cxb6 axb6 10. Bb5 Ba6 11. Bxa6 Rxa6 12. O-O Ra5 13. Bf4 Be7 14. Re1
O-O 15. Qe2 f6 16. exf6 Bxf6 17. Bg3 Ne7 18. a3 Nf5 19. Rad1 Nxg3 20. hxg3 Rf7
21. Rd3 Qe8 22. Re3 Re7 23. Ne5 Rd5 24. c4 Ra5 25. b4 Ra7 26. Qf3 Qa8 27. Rd3
Qxf3 28. gxf3 Bxe5 29. Rxe5 d6 30. Re2 Kf7 31. f4 Kf6 32. Kg2 e5 33. fxe5+ Rxe5
34. Rxe5 Kxe5 35. Kf3 c5 36. Ke3 Ra4 37. Rb3 g5 38. f3 h5 39. f4+ gxf4+ 40.
gxf4+ Kf5 41. bxc5 bxc5 42. Rc3 h4 43. Rd3 h3 44. Kf3 Rxc4 45. Rxd6 Rc3+ 46.
Kf2 Kxf4 47. a4 c4 48. a5 Rc2+ 49. Kg1 Ke5 50. Rh6 h2+ 51. Kh1 Ra2 52. a6 c3
53. Rc6 Kd4 54. Rd6+ Kc4 55. Rd8 Ra3 56. Kxh2 c2 0-1

[Event "XXXIII Festival Conca della Presolana Magistrale"]
[Site "Bratto - Castione della Presolana ITA"]
[Date "2013.08.17"]
[Round "1"]
[White "Sveshnikov, Evgeny E."]
[Black "Bringas Osuna, Ivan Jarek"]
[WhiteElo "2524"]
[BlackElo "2145"]
[Result "1-0"]
[PlyCount "69"]
[EventDate "2013.08.17"]

1. e4 c5 2. f4 d6 3. Nf3 a6 4. c3 g6 5. d4 Nd7 6. Bd3 e6 7. O-O Bg7 8. Nbd2 b5
9. a4 c4 10. Bc2 Bb7 11. b3 cxb3 12. Bxb3 Ngf6 13. e5 dxe5 14. fxe5 Nd5 15. Ne4
O-O 16. Bg5 Qb6 17. Qd2 bxa4 18. Bxd5 exd5 19. Nf6+ Nxf6 20. Bxf6 Bxf6 21. Rab1
Bg5 22. Nxg5 Qc7 23. Rf6 Bc8 24. Rbf1 Be6 25. Qf4 Rae8 26. Qh4 h5 27. Qg3 Qd7
28. Qf4 Re7 29. Nxe6 fxe6 30. Rxg6+ Rg7 31. Qh6 Re8 32. Qxh5 Ree7 33. Rh6 Rh7
34. Qg6+ Reg7 35. Rxh7 1-0

[Event "XXXIII Festival Conca della Presolana Magistrale"]
[Site "Bratto - Castione della Presolana ITA"]
[Date "2013.08.18"]
[Round "2"]
[White "Aghayev, Miragha"]
[Black "David, Alberto"]
[WhiteElo "2319"]
[BlackElo "2589"]
[Result "1/2-1/2"]
[PlyCount "80"]
[EventDate "2013.08.17"]

1. e4 c5 2. Nf3 e6 3. d4 cxd4 4. Nxd4 Nc6 5. Nb5 d6 6. Bf4 e5 7. Be3 a6 8. N5c3
Nf6 9. Be2 Be7 10. Nd2 b5 11. a4 b4 12. Nd5 Nxd5 13. exd5 Na5 14. O-O O-O 15.
Nc4 Nxc4 16. Bxc4 Qa5 17. b3 f5 18. f4 e4 19. Rf2 Bf6 20. Bd4 Bxd4 21. Qxd4 Bd7
22. Re1 Rfc8 23. Re3 Qc5 24. Qxc5 Rxc5 25. g4 a5 26. gxf5 Bxf5 27. Kf1 Rac8 28.
Ke1 Kf7 29. Kd2 Kf6 30. Rf1 Rxc4 31. bxc4 Rxc4 32. c3 bxc3+ 33. Rxc3 e3+ 34.
Rxe3 Rxa4 35. Kc3 Ra3+ 36. Kd4 Ra4+ 37. Kc3 Ra3+ 38. Kd4 Ra4+ 39. Kc3 Ra3+ 40.
Kd4 Ra2 1/2-1/2

[Event "XXXIII Festival Conca della Presolana Magistrale"]
[Site "Bratto - Castione della Presolana ITA"]
[Date "2013.08.18"]
[Round "2"]
[White "Colovic, Aleksandar"]
[Black "Lanzani, Mario"]
[WhiteElo "2502"]
[BlackElo "2308"]
[Result "1-0"]
[PlyCount "41"]
[EventDate "2013.08.17"]

1. e4 e5 2. Nf3 Nf6 3. Nxe5 d6 4. Nf3 Nxe4 5. d4 d5 6. Bd3 Bd6 7. O-O O-O 8. c4
c6 9. Re1 Re8 10. Nc3 Nxc3 11. bxc3 dxc4 12. Bxc4 Bg4 13. Bg5 Qd7 14. Rxe8+
Qxe8 15. Qb3 b5 16. Re1 Qd7 17. Bxf7+ Qxf7 18. Re8+ Bf8 19. Ne5 Qxb3 20. axb3
Bh5 21. Rd8 1-0

[Event "XXXIII Festival Conca della Presolana Magistrale"]
[Site "Bratto - Castione della Presolana ITA"]
[Date "2013.08.18"]
[Round "2"]
[White "Ducarmon, Quinten"]
[Black "Formento, Paolo"]
[WhiteElo "2438"]
[BlackElo "2188"]
[Result "1-0"]
[PlyCount "91"]
[EventDate "2013.08.17"]

1. e4 e6 2. d4 d5 3. Nd2 Be7 4. Ngf3 Nf6 5. e5 Nfd7 6. Bd3 c5 7. c3 Nc6 8. O-O
a5 9. Re1 Qb6 10. dxc5 Nxc5 11. Bc2 O-O 12. Nb3 Nxb3 13. axb3 f6 14. exf6 Bxf6
15. Qd3 g6 16. Bh6 Re8 17. h4 Ne7 18. Bg5 Bxg5 19. hxg5 Nc6 20. Rad1 Qc7 21.
Nh2 Qf4 22. Qe3 Qxe3 23. Rxe3 Rd8 24. Ng4 Kg7 25. Kh2 b5 26. Kg3 d4 27. Re4 Ra7
28. Ne5 Nxe5 29. Rxe5 b4 30. Rxd4 Rxd4 31. cxd4 Kf7 32. Rc5 Bd7 33. Kf4 Ke7 34.
Ke5 Ra8 35. Be4 Ra6 36. Bd3 Ra7 37. Bb5 Bxb5 38. Rxb5 Kd7 39. Rb6 a4 40. bxa4
Rxa4 41. Kf6 b3 42. Rxb3 Rxd4 43. g3 Rd2 44. f4 Rh2 45. Rd3+ Ke8 46. b3 1-0

[Event "XXXIII Festival Conca della Presolana Magistrale"]
[Site "Bratto - Castione della Presolana ITA"]
[Date "2013.08.18"]
[Round "2"]
[White "Guerra, Alessandro"]
[Black "Abasov, Nijat Azad Oglu"]
[WhiteElo "2226"]
[BlackElo "2492"]
[Result "0-1"]
[PlyCount "76"]
[EventDate "2013.08.17"]

1. d4 Nf6 2. Nf3 e6 3. e3 b6 4. Bd3 Bb7 5. Nbd2 c5 6. O-O Nc6 7. c3 Qc7 8. Re1
Rc8 9. b3 d5 10. e4 cxd4 11. Nxd4 Nxd4 12. cxd4 dxe4 13. Nxe4 Nxe4 14. Bxe4
Bxe4 15. Rxe4 Qc2 16. Qg4 Be7 17. Re1 O-O 18. d5 Bc5 19. Rf1 exd5 20. b4 Bd6
21. Be3 Qg6 22. Qxg6 hxg6 23. Rad1 Rfd8 24. a3 Rc3 25. Bc1 Be7 26. Rfe1 Bf6 27.
Bb2 Rb3 28. Bxf6 gxf6 29. Re3 Rxe3 30. fxe3 Kf8 31. Rc1 Ke7 32. b5 Kd7 33. g4
Re8 34. Kf2 Re4 35. Rc6 f5 36. Rf6 Ke8 37. a4 Re6 38. Rxe6+ fxe6 0-1

[Event "XXXIII Festival Conca della Presolana Magistrale"]
[Site "Bratto - Castione della Presolana ITA"]
[Date "2013.08.18"]
[Round "2"]
[White "Hunt, Adam C."]
[Black "Martinello, Christian"]
[WhiteElo "2430"]
[BlackElo "2185"]
[Result "1-0"]
[PlyCount "83"]
[EventDate "2013.08.17"]

1. e4 e6 2. d4 d5 3. Nc3 Bb4 4. e5 b6 5. Qg4 Bf8 6. Bb5+ c6 7. Ba4 Ba6 8. Nce2
h5 9. Qf3 Bxe2 10. Nxe2 b5 11. Bb3 Nd7 12. a4 a6 13. O-O c5 14. c3 c4 15. Bc2
b4 16. Nf4 Qe7 17. cxb4 Qxb4 18. Nxh5 g6 19. Nf4 Ne7 20. a5 Nf5 21. Nxd5 exd5
22. Qxd5 Ra7 23. e6 Qd6 24. exd7+ Rxd7 25. Re1+ Kd8 26. Qa8+ Kc7 27. Qa7+ Kd8
28. Bg5+ Ne7 29. Bxe7+ Rxe7 30. Qa8+ Kc7 31. Rxe7+ Qxe7 32. Qxa6 Qh4 33. Qxc4+
Kd8 34. Qd5+ Kc7 35. h3 Bd6 36. Be4 Qf4 37. g3 Qf6 38. Rc1+ Kd8 39. Qb7 Qe6 40.
Qa8+ Ke7 41. Qxh8 Qxe4 42. Qh4+ 1-0